| 000 | 00884nam a2200205 a 4500 | ||
|---|---|---|---|
| 001 | 000041808 | ||
| 005 | 20201002035752.0 | ||
| 008 | 130927s1983 sp 000 0 spa d | ||
| 020 | _a8400054857 | ||
| 040 |
_aDO-SdBNP _bspa _cBNPHU |
||
| 100 | 1 |
_aTudella y Bueso , Juan Peréz _dPérez de Tudela y Bueso, Juan _968681 |
|
| 245 | 1 | 0 |
_aMirabilis in altis : _bestudio crítico sobre el origen y significado del proyecto descubridor de Cristobal Colón / _cJuan Pérez de Tudela y Bueso. |
| 260 |
_aMadrid : _bCSIC, _c1983. |
||
| 300 |
_a429 p. ; _c25 cm. |
||
| 490 | 1 |
_aTierra nueva e cielo nuevo _v11 |
|
| 504 | _aIncluye referencias bibliográficas y notas al pie de las páginas | ||
| 710 | 2 |
_aConsejo Superior de Investigaciones Científicas, (España) Consejo _968682 |
|
| 710 | 2 |
_aInstituto "Gonzalo Fernández de Oviedo". _959992 |
|
| 830 | 0 |
_aTierra nueva e cielo nuevo _v11 _915388 |
|
| 999 |
_c41297 _d41297 |
||